[Event "Cali op-D"]
[Site "Cali"]
[Date "2008.12.29"]
[Round "7"]
[White "Triana, Juan Pablo"]
[Black "Buitrago, Juan Felipe"]
[Result "1-0"]
[WhiteElo "1325"]
[BlackElo "1300"]
[PlyCount "65"]
[EventDate "2008.12.26"]
[EventType "swiss"]
[EventRounds "9"]
[EventCountry "COL"]
[SourceTitle "EXT 2011"]
[Source "ChessBase"]
[SourceDate "2010.11.26"]
[SourceVersion "1"]
[SourceVersionDate "2010.11.26"]
[SourceQuality "1"]

1. e4 e5 2. Nf3 Nc6 3. Bb5 a6 4. Ba4 b5 5. Bb3 Nf6 6. Nc3 Bb4 7. 0-0 0-0 8. d3 Bxc3 9. bxc3 h6 10. Be3 d6 11. h3 Na5 12. Bd5 Nxd5 13. exd5 Bf5 14. Nh4 Bd7 15. Qh5 f5 16. f4 Be8 17. Ng6 Rf6 18. fxe5 Rxg6 19. Qxf5 Qd7 20. e6 Qe7 21. Rf2 Qf6 22. Qe4 Rb8 23. Rxf6 Rxf6 24. Ba7 Bg6 25. Qd4 Re8 26. Re1 Ref8 27. e7 Re8 28. Qb4 Rf7 29. Qh4 Nb7 30. Bb8 Rxb8 31. e8R+ Rxe8 32. Rxe8+ Rf8 33. Re6 1-0

[Event "Cali op-D"]
[Site "Cali"]
[Date "2008.12.27"]
[Round "3"]
[White "Viveros, Clara Vanessa"]
[Black "Triana, Juan Pablo"]
[Result "0-1"]
[WhiteElo "1300"]
[BlackElo "1325"]
[PlyCount "36"]
[EventDate "2008.12.26"]
[EventType "swiss"]
[EventRounds "9"]
[EventCountry "COL"]
[SourceTitle "EXT 2011"]
[Source "ChessBase"]
[SourceDate "2010.11.26"]
[SourceVersion "1"]
[SourceVersionDate "2010.11.26"]
[SourceQuality "1"]

1. e4 e5 2. Nc3 Nf6 3. a3 Nc6 4. Nf3 Bc5 5. Bd3 d6 6. 0-0 Bg4 7. b3 Nd4 8. h3 Bh5 9. g3 Nxf3+ 10. Kh1 Nd4 11. Kh2 Bxd1 12. a4 Bxc2 13. f3 Bxd3 14. g4 Bxf1 15. d3 Nxf3+ 16. Kh1 Bxh3 17. a5 Nxg4 18. d4 Nf2# 0-1